1820 1367 1840 1684 1487 1056 1989 1097 1481 1173 1038 1661 1832 1303 1068 1591 1655 1103 1368 1954 1666 1086 1753 1245 1023 1967 1371 1278 1108 1091 1771 1065 1640 1920 1957 1865 1882 1276 1135 1868 1940 1221 1460 1513 1081 1746 1286 1277 1980 1936 1069 1558 1751 1586 1356 1045 1286 1606 1767 1316 1724 1700 1872 1937 1173 1787 1672 1194 1180 1308 1232 1831 1621 1266 1556 1235 1643 1290 1912 1365 1098 1327 1498 1192 1301 1213 1855 1052 1481 1863 1901 1317 1031 1057 1834 1027 1576 1702 1876 BCNSPRNW ULIB Ver.6.0+V

เปลี่ยนเป็นภาษาไทย

Change to English
 แสดงรายละเอียดบรรณานุกรม
  กลับหน้าหลัก

Brief Record : Get Marc (ISO 2709) : E-mail record : QR code < ปิดหน้าต่าง
LEADER : 00000nam 2200000uu 4500
001    13399122569
003     ULIB
008    130731s2546||||th 000 0 tha d
020    ^a9742962898
099 0  ^aวจ.WM165^bอ163ร
100 0  ^aอภิชัย มงคล
110 1  ^aกระทรวงสาธารณสุข^bโรงพยาบาลขอนแก่นจิตเวชนครินทร์
245 10 ^aรายงานผลการศึกษา ระบาดวิทยาของพฤติกรรมการทำร้ายตนเองและการฆ่าตัวตาย ปีการศึกษา พ.ศ.2545/^cอภิชัย มงคล และคณะ
250    ^aพิมพ์ครั้งที่ 1.
260    ^aขอนแก่น :^bโรงพยาบาลขอนแก่นจิตเวชนครินทร์,^c2546
300    ^a130หน้า : ^bตาราง ;^c29 ซ.ม.
520 1  ^aการวิจัยครั้งนี้มีวัตถุประสงค์เพื่อศึกษาการระบาดวิทยาของพฤติกรรมการทำร้ายตนเองและการฆ่าตัวตาย ปีการศึกษา พ.ศ.2545
650  4 ^aการฆ่าตัวตาย
650  4 ^aการทำร้ายตนเอง
700 0  ^aทวี ตั้งเสรี
700 0  ^aสุพิน พิมพ์เสน
700 0  ^aปัตพงษ์ เกษสมบูรณ์
700 0  ^aนุศราพร เกษสมบูรณ์
710 1  ^aกระทรวงสาธารณสุข^bโรงพยาบาลขอนแก่นจิตเวชนครินทร์
945    ^p0^l0^i20012
999    ^aทศพร เกษรทอง
รายการนี้ยังไม่มีแท็ก
คุณยังไม่ได้ล็อกอิน คุณสามารถมีกิจกรรมร่วมกับเว็บไซต์ได้ แต่ต้องล็อกอินก่อน ::
  ล็อกอิน

รายการสื่อสารสนเทศ

ลำดับที่ ประเภท เลขเรียก/บาร์โค้ด สถานที่ สถานะ
1. งานวิจัย
งานวิจัย
วจ.WM165 อ163ร ฉ.1 
  Barcode: 20012
ห้องสมุดวิทยาเขตสวรรค์ประชารักษ์
►วิจัย
บนชั้น

รายการใกล้เคียง
    ผู้แต่ง [อภิชัย มงคล]

    หัวเรื่อง [การฆ่าตัวตาย]

BibComment


ยังไม่เคยถูกคอมเมนท์

คอมเมนท์ทรัพยากรรายการนี้
  คอมเมนท์: รายงานผลการศึกษา..


 Copyright 2026. Bcnsprnw @Library